000 00684nam a22001937a 4500
999 _c62143
_d62143
005 20240723120514.0
008 240723s2010 ge ||||| |||| 00| 0 ger d
020 _a9783476023124
041 _ageo
080 _a821.112.2 F-23
100 _aFähnders, Walter
_d Author
_922904
245 _a Avantgarde und Moderne 1890-1933 /
_cWalter Fähnders
250 _a2.aktualis. u. erw. Aufl View all formats and editions
264 _aStuttgart:
_bVerlag, J.B. Metzler,
_c2010.
300 _a350 p.:
_b23cm.
653 _a Avantgarde Avantgardeliteratur Deutsch Geschichte 1890-1933 Lehrbuch
653 _aგერმანული ლიტერატურა
942 _2udc
_cBK